000 00393nam a22001337a 4500
020 _qHB.
040 _cFIZZA ISHAQ
082 _2690.8047
_bMAR
100 _aMELAVER,MARTIN MUELLER PHYLLIS.
_990186
245 _aTHE GREEN BUILDING BOTTOM LINE THE REAL COST OF SUSTAINABLE BUILDING /
_cPHYLLIS,MUELLER MARTIN MELAVER.
260 _aNEW YORK ;
_c2009.
300 _a359 P. ;
942 _2ddc
_cBK
999 _c588549
_d588549